[Event "FRA-chT"]
[Site "France"]
[Date "1994.??.??"]
[Round "?"]
[White "Polugaevsky, Lev"]
[Black "David, Alberto"]
[Result "0-1"]
[WhiteElo "2575"]
[BlackElo "2400"]
[PlyCount "84"]
[EventDate "1994.??.??"]
[EventType "team-tourn"]
[EventRounds "11"]
[EventCountry "FRA"]
[SourceTitle "TD"]
[Source "ChessBase"]
[SourceDate "1994.03.01"]
[SourceVersion "1"]
[SourceVersionDate "1994.03.01"]
[SourceQuality "1"]

1. Nf3 Nf6 2. c4 g6 3. b4 Bg7 4. Bb2 0-0 5. g3 d6 6. Bg2 e5 7. d3 Nh5 8. Nc3 f5 9. Nd2 c6 10. 0-0 Nf6 11. b5 h6 12. a4 a5 13. bxc6 bxc6 14. Rb1 Ra7 15. Ba3 Qc7 16. Qb3 Rb7 17. Nb5 cxb5 18. cxb5+ Kh7 19. Rfc1 Qd8 20. Nc4 Rd7 21. Bc6 f4 22. d4 fxg3 23. hxg3 Ng4 24. f3 e4 25. fxg4 Bxd4+ 26. e3 Rf3 27. Bxe4 Rxg3+ 28. Bg2 Bb7 29. Rc2 Qh4 30. exd4 Rxb3 31. Rxb3 Qxg4 32. Ne3 Qg3 33. Rbc3 Qe1+ 34. Kh2 Bxg2 35. Nxg2 Qe7 36. b6 Na6 37. Rc6 Qg5 38. b7 Rxb7 39. Rxa6 Qh5+ 40. Kg3 Qg5+ 41. Kf2 Qf5+ 42. Kg1 Qxc2 0-1

[Event "Amber-blindfold 02nd"]
[Site "Monte Carlo"]
[Date "1993.04.06"]
[Round "10"]
[White "Polgar, Judit"]
[Black "Polugaevsky, Lev"]
[Result "1-0"]
[WhiteElo "2595"]
[BlackElo "2635"]
[PlyCount "71"]
[EventDate "1993.03.26"]
[EventType "tourn (rapid)"]
[EventRounds "11"]
[EventCountry "MNC"]
[EventCategory "15"]
[SourceTitle "CBM 034 Extra"]
[Source "ChessBase"]
[SourceDate "1993.07.01"]
[SourceVersion "1"]
[SourceVersionDate "1993.07.01"]
[SourceQuality "1"]

1. e4 c5 2. Nf3 d6 3. d4 cxd4 4. Nxd4 Nf6 5. Nc3 a6 6. f4 e6 7. Bd3 b5 8. Qf3 Bb7 9. a3 Nbd7 10. g4 Nc5 11. Be3 Nfd7 12. 0-0-0 Qa5 13. Nb3 Nxb3+ 14. cxb3 b4 15. axb4 Qxb4 16. Bc2 Nc5 17. Bxc5 Qxc5 18. b4 Qxb4 19. Ba4+ Kd8 20. Qe3 Rc8 21. Rd4 Qc5 22. Rhd1 Rc7 23. Kb1 Kc8 24. Ne2 Be7 25. Rc1 Qa5 26. Rxc7+ Kxc7 27. Qb3 Rb8 28. Rc4+ Kd8 29. Bc6 Qc7 30. Nd4 Bf6 31. Bxb7 Rxb7 32. Qa4 Qd7 33. Nc6+ Ke8 34. e5 dxe5 35. fxe5 Bd8 36. Rd4 1-0

[Event "Amber-rapid 02nd"]
[Site "Monte Carlo"]
[Date "1993.04.06"]
[Round "10"]
[White "Polugaevsky, Lev"]
[Black "Polgar, Judit"]
[Result "1/2-1/2"]
[WhiteElo "2635"]
[BlackElo "2595"]
[PlyCount "95"]
[EventDate "1993.03.26"]
[EventType "tourn (rapid)"]
[EventRounds "11"]
[EventCountry "MNC"]
[EventCategory "15"]
[SourceTitle "CBM 034 Extra"]
[Source "ChessBase"]
[SourceDate "1993.07.01"]
[SourceVersion "1"]
[SourceVersionDate "1993.07.01"]
[SourceQuality "1"]

1. Nf3 Nf6 2. g3 g6 3. Bg2 Bg7 4. 0-0 0-0 5. d4 d6 6. Nc3 Nbd7 7. e4 c5 8. Re1 cxd4 9. Nxd4 a6 10. b3 Nc5 11. Bb2 e5 12. Nde2 b5 13. b4 Ne6 14. a4 Rb8 15. axb5 axb5 16. Ra5 Ng5 17. Bc1 Nh3+ 18. Bxh3 Bxh3 19. Bg5 Qd7 20. Bxf6 Bxf6 21. Qd3 Bd8 22. Rxb5 Rc8 23. Rd1 Rc6 24. Rb8 Qa7 25. Rxd8 Rxd8 26. Nd5 Ra6 27. b5 Ra1 28. Nec3 Rxd1+ 29. Qxd1 Qd4 30. Qc1 Kg7 31. b6 h6 32. Qe1 Ra8 33. Nc7 Ra5 34. b7 Qa7 35. Ne8+ Kh7 36. Nf6+ Kh8 37. Qb1 Qb8 38. Ne8 Ra3 39. Qc1 Kh7 40. Qxa3 Qxb7 41. Nxd6 Qc6 42. Nxf7 Qc4 43. Ng5+ hxg5 44. Qe7+ Kh6 45. Qf8+ Kh7 46. Qe7+ Kg8 47. Qe8+ Kh7 48. Qe7+ 1/2-1/2

[Event "Amber-rapid 02nd"]
[Site "Monte Carlo"]
[Date "1993.04.05"]
[Round "9"]
[White "Christiansen, Larry Mark"]
[Black "Polugaevsky, Lev"]
[Result "1/2-1/2"]
[WhiteElo "2620"]
[BlackElo "2635"]
[PlyCount "116"]
[EventDate "1993.03.26"]
[EventType "tourn (rapid)"]
[EventRounds "11"]
[EventCountry "MNC"]
[EventCategory "15"]
[SourceTitle "CBM 034 Extra"]
[Source "ChessBase"]
[SourceDate "1993.07.01"]
[SourceVersion "1"]
[SourceVersionDate "1993.07.01"]
[SourceQuality "1"]

1. e4 c5 2. Nc3 e6 3. Nf3 a6 4. g3 b5 5. Bg2 Bb7 6. 0-0 b4 7. Na4 Bxe4 8. d4 cxd4 9. Re1 d5 10. Ne5 Bxg2 11. Kxg2 Nf6 12. Qxd4 Bd6 13. Bg5 0-0 14. f4 a5 15. c4 bxc3 16. bxc3 Be7 17. Rab1 Qc7 18. f5 Ra6 19. Bf4 Nh5 20. Ng6 Nxf4+ 21. Nxf4 Bf6 22. Qd3 Qc4 23. Qxc4 dxc4 24. fxe6 fxe6 25. Nxe6 Rc8 26. Nf4 Nd7 27. Rb7 Rd6 28. Nh5 Bd8 29. Re8+ Kf7 30. Re2 Rc7 31. Rb5 Nf6 32. Nf4 Re7 33. Rf2 Ke8 34. Nb2 Ne4 35. Rc2 Rc6 36. Rb8 Kd7 37. a4 Bc7 38. Rf8 Be5 39. Nd5 Re8 40. Rf3 Ke6 41. Nf4+ Bxf4 42. Rxf4 Kd5 43. Nd1 Nd6 44. Rd2+ Kc5 45. Rfd4 Re5 46. Nf2 Re6 47. Rd5+ Kb6 48. Rb2+ Ka6 49. h4 Rb6 50. Rbd2 g6 51. Rc5 Re3 52. Rc7 Nf5 53. Rdd7 Rxg3+ 54. Kh2 Rb8 55. Rc6+ Rb6 56. Rcc7 Rb8 57. Rc6+ Rb6 58. Rcc7 Rb8 1/2-1/2

[Event "Amber-rapid 02nd"]
[Site "Monte Carlo"]
[Date "1993.04.01"]
[Round "6"]
[White "Polugaevsky, Lev"]
[Black "Kortschnoj, Viktor Lvovich"]
[Result "1/2-1/2"]
[WhiteElo "2635"]
[BlackElo "2605"]
[PlyCount "67"]
[EventDate "1993.03.26"]
[EventType "tourn (rapid)"]
[EventRounds "11"]
[EventCountry "MNC"]
[EventCategory "15"]
[SourceTitle "CBM 034 Extra"]
[Source "ChessBase"]
[SourceDate "1993.07.01"]
[SourceVersion "1"]
[SourceVersionDate "1993.07.01"]
[SourceQuality "1"]

1. d4 Nf6 2. c4 e6 3. Nf3 Bb4+ 4. Bd2 c5 5. Bxb4 cxb4 6. g3 0-0 7. Bg2 d6 8. 0-0 Re8 9. Qd3 Nbd7 10. Nbd2 e5 11. e4 b6 12. Ne1 a5 13. Nc2 Ba6 14. Ne3 Rb8 15. Rac1 b5 16. b3 bxc4 17. Ndxc4 Nb6 18. Rfd1 Nxc4 19. Nxc4 Qe7 20. dxe5 dxe5 21. Qd6 Bxc4 22. Qxe7 Rxe7 23. Rxc4 h5 24. f3 g5 25. Kf2 Kg7 26. Ke3 a4 27. Bf1 axb3 28. axb3 Rbb7 29. Ra1 g4 30. Be2 gxf3 31. Bxf3 Rec7 32. Rac1 Rxc4 33. Rxc4 Ng4+ 34. Bxg4 1/2-1/2

[Event "Amber-rapid 02nd"]
[Site "Monte Carlo"]
[Date "1993.03.31"]
[Round "5"]
[White "Ljubojevic, Ljubomir"]
[Black "Polugaevsky, Lev"]
[Result "1/2-1/2"]
[WhiteElo "2605"]
[BlackElo "2635"]
[PlyCount "198"]
[EventDate "1993.03.26"]
[EventType "tourn (rapid)"]
[EventRounds "11"]
[EventCountry "MNC"]
[EventCategory "15"]
[SourceTitle "CBM 034 Extra"]
[Source "ChessBase"]
[SourceDate "1993.07.01"]
[SourceVersion "1"]
[SourceVersionDate "1993.07.01"]
[SourceQuality "1"]

1. e4 c5 2. Nf3 d6 3. Nc3 Nf6 4. d4 cxd4 5. Nxd4 a6 6. f4 e6 7. Qf3 Qb6 8. a3 Nc6 9. Nb3 Qc7 10. g4 b5 11. g5 Nd7 12. h4 Bb7 13. Bg2 b4 14. axb4 Nxb4 15. Qe2 Rc8 16. Be3 g6 17. Ra4 Nc6 18. f5 Nde5 19. fxe6 fxe6 20. Bh3 Qe7 21. 0-0 Bg7 22. Nd4 Nxd4 23. Rxd4 Rf8 24. Rb4 Rxf1+ 25. Qxf1 Rc7 26. Bb6 Rc6 27. Bd4 Bc8 28. Kg2 h6 29. Be3 hxg5 30. Bxg5 Qf7 31. Kg3 Nd7 32. Qxf7+ Kxf7 33. Bd2 Be5+ 34. Kf3 Bf6 35. Kg3 Nb6 36. Nb1 Be5+ 37. Kf3 Nc4 38. Bc1 Bd4 39. c3 Ba7 40. Ra4 Ne5+ 41. Ke2 Rb6 42. Na3 Bd7 43. Rd4 Rc6 44. Rb4 Bc5 45. Rb3 Rc7 46. Bf4 Ba4 47. Rb8 Bxa3 48. bxa3 Nd7 49. Rb4 Bb5+ 50. Kd2 Nb6 51. Kc2 e5 52. Bg5 d5 53. Bd8 Rc6 54. Bxb6 d4 55. Bxd4 exd4 56. Rxd4 Rf6 57. e5 Rf3 58. Bd7 Bf1 59. Bc6 Rf2+ 60. Kb3 Ke6 61. Rd6+ Kxe5 62. Rxg6 Rf4 63. Rh6 Bc4+ 64. Kb4 Bb5+ 65. Kc5 Rc4+ 66. Kb6 Rxc3 67. a4 Be2 68. Rh8 Rb3+ 69. Ka5 Kd6 70. Rh6+ Kc5 71. Bd7 Rb1 72. Bc8 Rb8 73. Bd7 Rb1 74. Rc6+ Kd5 75. Rc2 Bc4 76. Rh2 Kd6 77. Bf5 Ra1 78. Bc2 Ra2 79. Kb4 Bf7 80. Rd2+ Kc7 81. Rf2 Be8 82. a5 Rb2+ 83. Kc3 Ra2 84. Kb4 Rb2+ 85. Ka3 Rb8 86. Bd3 Bb5 87. Rc2+ Kd6 88. Rb2 Rh8 89. Bxb5 axb5 90. Rh2 Kc5 91. h5 Rh6 92. Rh4 Ra6 93. h6 Rxa5+ 94. Kb3 Ra8 95. h7 Rh8 96. Rh6 Kd5 97. Kb4 Ke5 98. Kxb5 Kf5 99. Kc5 Kg5 1/2-1/2

[Event "Amber-blindfold 02nd"]
[Site "Monte Carlo"]
[Date "1993.03.29"]
[Round "4"]
[White "Piket, Jeroen"]
[Black "Polugaevsky, Lev"]
[Result "1/2-1/2"]
[WhiteElo "2590"]
[BlackElo "2635"]
[PlyCount "56"]
[EventDate "1993.03.26"]
[EventType "tourn (rapid)"]
[EventRounds "11"]
[EventCountry "MNC"]
[EventCategory "15"]
[SourceTitle "CBM 034 Extra"]
[Source "ChessBase"]
[SourceDate "1993.07.01"]
[SourceVersion "1"]
[SourceVersionDate "1993.07.01"]
[SourceQuality "1"]

1. d4 Nf6 2. c4 e6 3. Nf3 b6 4. Nc3 Bb7 5. a3 d5 6. cxd5 Nxd5 7. Qa4+ Nd7 8. Nxd5 Bxd5 9. Bg5 Be7 10. Bxe7 Qxe7 11. Rc1 c6 12. e3 0-0 13. Be2 e5 14. 0-0 c5 15. dxc5 Nxc5 16. Qc2 a5 17. Qc3 f6 18. Rfd1 Be6 19. Nd2 Rfd8 20. Nc4 Na4 21. Qb3 Qe8 22. Rxd8 Rxd8 23. Qc2 Qc6 24. b3 Nc5 25. Nxb6 Qxb6 26. Qxc5 Qxc5 27. Rxc5 Rd2 28. Kf1 Ra2 1/2-1/2

[Event "Amber-rapid 02nd"]
[Site "Monte Carlo"]
[Date "1993.03.26"]
[Round "1"]
[White "Polugaevsky, Lev"]
[Black "Ivanchuk, Vassily"]
[Result "0-1"]
[WhiteElo "2635"]
[BlackElo "2710"]
[PlyCount "62"]
[EventDate "1993.03.26"]
[EventType "tourn (rapid)"]
[EventRounds "11"]
[EventCountry "MNC"]
[EventCategory "15"]
[SourceTitle "CBM 034 Extra"]
[Source "ChessBase"]
[SourceDate "1993.07.01"]
[SourceVersion "1"]
[SourceVersionDate "1993.07.01"]
[SourceQuality "1"]

1. c4 c5 2. Nf3 Nf6 3. Nc3 d5 4. cxd5 Nxd5 5. d4 Nxc3 6. bxc3 g6 7. e3 Bg7 8. Bb5+ Nd7 9. 0-0 0-0 10. a4 b6 11. a5 Bb7 12. axb6 axb6 13. Rxa8 Bxa8 14. Ba3 Qc7 15. Qe2 Bc6 16. Bxc6 Qxc6 17. c4 Ra8 18. Bc1 Qe4 19. Rd1 cxd4 20. Nxd4 Ne5 21. f3 Qb7 22. Bb2 Rc8 23. Rc1 Qa6 24. Nb5 Rxc4 25. Rxc4 Nxc4 26. Qxc4 Bxb2 27. g4 Qa1+ 28. Kg2 Qd1 29. Kf2 Bf6 30. Nc7 Qd2+ 31. Qe2 Bh4+ 0-1

[Event "Groningen PCA"]
[Site "Groningen"]
[Date "1993.??.??"]
[Round "4"]
[White "Ljubojevic, Ljubomir"]
[Black "Polugaevsky, Lev"]
[Result "1-0"]
[WhiteElo "2595"]
[BlackElo "2605"]
[PlyCount "77"]
[EventDate "1993.12.??"]
[EventType "swiss"]
[EventRounds "11"]
[EventCountry "NED"]
[SourceTitle "CBM 039"]
[Source "ChessBase"]
[SourceDate "1994.04.01"]
[SourceVersion "1"]
[SourceVersionDate "1994.04.01"]
[SourceQuality "1"]

1. Nf3 c5 2. c4 Nc6 3. Nc3 Nf6 4. g3 d5 5. cxd5 Nxd5 6. Bg2 g6 7. Qb3 Ndb4 8. a3 Na6 9. Ng5 e6 10. Bxc6+ bxc6 11. d3 Bg7 12. 0-0 0-0 13. Nf3 e5 14. Qc4 Qb6 15. Qh4 f6 16. Qc4+ Kh8 17. Be3 Re8 18. Na4 Qb7 19. Rab1 Be6 20. Nxc5 Nxc5 21. Qxc5 Ba2 22. Rbc1 Bd5 23. b4 f5 24. Bd2 Qd7 25. Ne1 e4 26. Bc3 f4 27. Bxg7+ Kxg7 28. Ng2 g5 29. Qd4+ Kf7 30. gxf4 gxf4 31. f3 exf3 32. Qxf4+ Kg8 33. exf3 Re6 34. Qg4+ Kf7 35. Kh1 Rg8 36. Qf5+ Kg7 37. Ne3 Kh8 38. Rg1 Rxg1+ 39. Rxg1 1-0

[Event "Groningen PCA"]
[Site "Groningen"]
[Date "1993.??.??"]
[Round "2"]
[White "Nijboer, Friso"]
[Black "Polugaevsky, Lev"]
[Result "1/2-1/2"]
[WhiteElo "2555"]
[BlackElo "2605"]
[PlyCount "47"]
[EventDate "1993.12.??"]
[EventType "swiss"]
[EventRounds "11"]
[EventCountry "NED"]
[SourceTitle "CBM 039"]
[Source "ChessBase"]
[SourceDate "1994.04.01"]
[SourceVersion "1"]
[SourceVersionDate "1994.04.01"]
[SourceQuality "1"]

1. e4 c5 2. Nf3 d6 3. Bb5+ Bd7 4. Bxd7+ Nxd7 5. 0-0 Ngf6 6. Qe2 e6 7. c3 Be7 8. d4 cxd4 9. cxd4 0-0 10. Nc3 Nb6 11. b3 Rc8 12. Bb2 a6 13. Ne1 d5 14. e5 Nfd7 15. Nd3 Nb8 16. f4 Nc6 17. Qe3 Qd7 18. Ne2 Nb4 19. Nxb4 Bxb4 20. Rac1 Rxc1 21. Nxc1 Rc8 22. Nd3 Bf8 23. Rc1 Rc6 24. Kf2 1/2-1/2

[Event "Groningen PCA"]
[Site "Groningen"]
[Date "1993.??.??"]
[Round "1"]
[White "Polugaevsky, Lev"]
[Black "Kaidanov, Gregory S"]
[Result "0-1"]
[WhiteElo "2605"]
[BlackElo "2640"]
[PlyCount "70"]
[EventDate "1993.12.??"]
[EventType "swiss"]
[EventRounds "11"]
[EventCountry "NED"]
[SourceTitle "CBM 039"]
[Source "ChessBase"]
[SourceDate "1994.04.01"]
[SourceVersion "1"]
[SourceVersionDate "1994.04.01"]
[SourceQuality "1"]

1. Nf3 d5 2. c4 c6 3. e3 Nf6 4. Nc3 Nbd7 5. cxd5 cxd5 6. d4 e6 7. Bd3 Bd6 8. 0-0 0-0 9. b3 e5 10. Nb5 Bb8 11. dxe5 Nxe5 12. Bb2 Nxf3+ 13. gxf3 Bh3 14. Re1 Ne4 15. f4 Qh4 16. Qf3 Rd8 17. Red1 Bg4 18. Qg2 Ng5 19. Rf1 Bxf4 20. exf4 Nh3+ 21. Kh1 Nxf4 22. Bxh7+ Kxh7 23. Qg3 Qxg3 24. fxg3 Nd3 25. Bd4 Kg6 26. a3 Rac8 27. Nc3 Nc5 28. Rf4 f5 29. h3 Bxh3 30. Re1 Nxb3 31. Nb5 Nxd4 32. Nxd4 Re8 33. Rb1 b6 34. Nf3 Bg4 35. Nh4+ Kg5 0-1

[Event "Antwerp"]
[Site "Antwerp"]
[Date "1993.??.??"]
[Round "4"]
[White "Polugaevsky, Lev"]
[Black "Kortschnoj, Viktor Lvovich"]
[Result "1/2-1/2"]
[WhiteElo "2605"]
[BlackElo "2625"]
[PlyCount "42"]
[EventDate "1993.08.??"]
[EventType "tourn"]
[EventRounds "9"]
[EventCountry "BEL"]
[EventCategory "13"]
[SourceTitle "CBM 037"]
[Source "ChessBase"]
[SourceDate "1993.12.01"]
[SourceVersion "1"]
[SourceVersionDate "1993.12.01"]
[SourceQuality "1"]

1. d4 Nf6 2. c4 e6 3. Nf3 d5 4. e3 a6 5. Nbd2 c5 6. b3 cxd4 7. exd4 Nc6 8. Bb2 g6 9. Be2 Bg7 10. 0-0 0-0 11. Ne5 Nd7 12. Nxc6 bxc6 13. Nf3 Qa5 14. Qc2 Bb7 15. Rfd1 Rfc8 16. Bc3 Qc7 17. Qd2 Nf6 18. Ba5 Ne4 19. Bxc7 Nxd2 20. Bb6 Nxf3+ 21. Bxf3 Bh6 1/2-1/2

[Event "Groningen PCA"]
[Site "Groningen"]
[Date "1993.??.??"]
[Round "7"]
[White "Polugaevsky, Lev"]
[Black "Ruban, Vadim"]
[Result "1/2-1/2"]
[WhiteElo "2605"]
[BlackElo "2590"]
[PlyCount "41"]
[EventDate "1993.12.??"]
[EventType "swiss"]
[EventRounds "11"]
[EventCountry "NED"]
[SourceTitle "CBM 039"]
[Source "ChessBase"]
[SourceDate "1994.04.01"]
[SourceVersion "1"]
[SourceVersionDate "1994.04.01"]
[SourceQuality "1"]

1. c4 e6 2. g3 d5 3. Bg2 dxc4 4. Qa4+ Nd7 5. Qxc4 c5 6. d3 Ngf6 7. Qc2 Be7 8. Nf3 0-0 9. 0-0 Nd5 10. Nc3 b6 11. Nxd5 exd5 12. d4 Bb7 13. Bf4 Nf6 14. Rad1 c4 15. b3 cxb3 16. axb3 Ne4 17. Ne5 Rc8 18. Qb2 f6 19. Nd3 Qd7 20. Rc1 Rxc1 21. Rxc1 1/2-1/2

[Event "Interpolis"]
[Site "Tilburg"]
[Date "1992.10.11"]
[Round "2.1"]
[White "Polugaevsky, Lev"]
[Black "Serper, Grigory"]
[Result "0-1"]
[WhiteElo "2640"]
[BlackElo "2575"]
[PlyCount "94"]
[EventDate "1992.10.08"]
[EventType "k.o."]
[EventRounds "7"]
[EventCountry "NED"]
[SourceTitle "CBM 032"]
[Source "ChessBase"]
[SourceDate "1993.02.01"]
[SourceVersion "1"]
[SourceVersionDate "1993.02.01"]
[SourceQuality "1"]

1. Nf3 d5 2. c4 e6 3. g3 dxc4 4. Bg2 Nd7 5. Qc2 Ngf6 6. Na3 c5 7. Nxc4 b5 8. Nce5 Nd5 9. Nxd7 Bxd7 10. b3 Be7 11. Bb2 0-0 12. 0-0 Rc8 13. Rac1 Qb6 14. Ne5 Be8 15. a3 f6 16. e4 Nc7 17. Nd3 Na6 18. b4 Bd7 19. bxc5 Nxc5 20. Nxc5 Rxc5 21. Qd3 Rxc1 22. Rxc1 Rd8 23. e5 f5 24. Qf3 a5 25. d4 a4 26. g4 Rf8 27. gxf5 Rxf5 28. Qb7 Qxb7 29. Bxb7 Kf7 30. Rc7 Ke8 31. Bc6 Bxc6 32. Rxc6 Rf3 33. Rxe6 Rb3 34. d5 Kd7 35. Bd4 Rd3 36. Be3 Rxd5 37. Rb6 Rxe5 38. Bd4 Rd5 39. Rb7+ Ke6 40. Bb2 g6 41. Kg2 h5 42. Rb6+ Kf5 43. Rb7 Ke6 44. Rb6+ Kf5 45. Rb7 Bd6 46. Rf7+ Ke4 47. h4 Bc5 0-1

[Event "FRA-chT"]
[Site "France"]
[Date "1992.??.??"]
[Round "?"]
[White "Adams, Michael"]
[Black "Polugaevsky, Lev"]
[Result "1-0"]
[WhiteElo "2620"]
[BlackElo "2630"]
[PlyCount "63"]
[EventDate "1992.??.??"]
[EventType "team-tourn"]
[EventRounds "8"]
[EventCountry "FRA"]
[SourceTitle "EXT 1997"]
[Source "ChessBase"]
[SourceDate "1996.11.15"]
[SourceVersion "1"]
[SourceVersionDate "1996.11.15"]
[SourceQuality "1"]

1. e4 c5 2. Nf3 d6 3. d4 cxd4 4. Nxd4 Nf6 5. Nc3 a6 6. f4 e6 7. Qf3 Qb6 8. a3 Nc6 9. Nxc6 bxc6 10. b3 Bb7 11. Bb2 c5 12. 0-0-0 Be7 13. g4 d5 14. g5 Nxe4 15. Nxe4 dxe4 16. Qc3 Qc7 17. Qxg7 Qxf4+ 18. Kb1 Rf8 19. Rg1 Rd8 20. Rxd8+ Bxd8 21. Bc4 Qxh2 22. Rf1 Be7 23. Be5 Qd2 24. Qxh7 e3 25. g6 e2 26. Bxe2 Qxe2 27. Rxf7 Qxe5 28. Rxe7+ Kd8 29. Rf7 Re8 30. Rxb7 Qd6 31. Ra7 Qc6 32. g7 1-0

[Event "Reggio Emilia-A 9192 34th"]
[Site "Reggio Emilia"]
[Date "1992.??.??"]
[Round "5"]
[White "Anand, Viswanathan"]
[Black "Polugaevsky, Lev"]
[Result "1-0"]
[WhiteElo "2650"]
[BlackElo "2630"]
[PlyCount "123"]
[EventDate "1991.12.??"]
[EventType "tourn"]
[EventRounds "9"]
[EventCountry "ITA"]
[EventCategory "18"]
[SourceTitle "CBM 027"]
[Source "ChessBase"]
[SourceDate "1992.04.01"]
[SourceVersion "1"]
[SourceVersionDate "1992.04.01"]
[SourceQuality "1"]

1. e4 c5 2. Nf3 d6 3. d4 cxd4 4. Nxd4 Nf6 5. Nc3 a6 6. Be3 e6 7. a4 Nc6 8. Be2 Be7 9. 0-0 Bd7 10. Nb3 Na5 11. Nd2 0-0 12. f4 Bc6 13. Bf2 Rc8 14. Bd3 Be8 15. Qf3 Nd7 16. Qh3 Nc5 17. Bxc5 Rxc5 18. e5 g6 19. Nce4 dxe5 20. Nxc5 Bxc5+ 21. Kh1 Nc6 22. Rad1 Qc7 23. fxe5 Qxe5 24. c3 Be7 25. Nf3 Qc7 26. Be2 Bf6 27. Nd2 Bg7 28. Ne4 Ne5 29. b3 Qe7 30. Qe3 Bc6 31. Nd6 h5 32. Nc4 Nxc4 33. Bxc4 Rc8 34. Rc1 Kh7 35. a5 Be8 36. Qd3 Qc7 37. Ra1 Qe5 38. Rf3 Rc5 39. Qd8 Bc6 40. Rxf7 Qxc3 41. Raf1 Rf5 42. R7xf5 exf5 43. Bd5 Bb5 44. Rd1 f4 45. Qg8+ Kh6 46. Be4 Qf6 47. Qd8 Qe6 48. Qd5 Qf6 49. Qxb7 Be2 50. Rb1 Qg5 51. Qd5 Qe7 52. Qc6 Bf6 53. Qc2 Bg4 54. Bxg6 f3 55. Be4 fxg2+ 56. Bxg2 Be5 57. Qc6+ Bd6 58. Qc1+ Kg7 59. Qc3+ Kg6 60. Rf1 Be2 61. Rg1 Kh7 62. Qd4 1-0

[Event "Roquebrune rapid"]
[Site "Roquebrune"]
[Date "1992.??.??"]
[Round "10"]
[White "Anand, Viswanathan"]
[Black "Polugaevsky, Lev"]
[Result "1-0"]
[WhiteElo "2670"]
[BlackElo "2630"]
[PlyCount "63"]
[EventDate "1992.02.??"]
[EventType "tourn (rapid)"]
[EventRounds "22"]
[EventCountry "FRA"]
[EventCategory "15"]
[SourceTitle "CBM 028"]
[Source "ChessBase"]
[SourceDate "1992.06.01"]
[SourceVersion "1"]
[SourceVersionDate "1992.06.01"]
[SourceQuality "1"]

1. Nf3 c5 2. c4 Nc6 3. Nc3 Nf6 4. e3 e6 5. d4 d5 6. a3 a6 7. dxc5 Bxc5 8. b4 Bd6 9. Bb2 0-0 10. Qc2 Ne5 11. Rd1 Nxf3+ 12. gxf3 Qc7 13. c5 Be7 14. Na4 Bd7 15. Nb6 Rae8 16. f4 Bc6 17. Rg1 Bb5 18. Bxb5 axb5 19. Be5 Qc6 20. Qb2 Kh8 21. Ke2 Rg8 22. Rg3 Nh5 23. Rh3 f6 24. Rxh5 fxe5 25. Qxe5 Rgf8 26. Qd4 Rf6 27. Rg1 Bd8 28. Rhg5 Bxb6 29. Rxg7 Bd8 30. Qe5 Ref8 31. Qh5 h6 32. Qg4 1-0

[Event "Hastings 9293"]
[Site "Hastings"]
[Date "1992.??.??"]
[Round "4"]
[White "Bareev, Evgeny"]
[Black "Polugaevsky, Lev"]
[Result "1-0"]
[WhiteElo "2670"]
[BlackElo "2640"]
[PlyCount "117"]
[EventDate "1992.12.??"]
[EventType "tourn"]
[EventRounds "14"]
[EventCountry "ENG"]
[EventCategory "13"]
[SourceTitle "CBM 033"]
[Source "ChessBase"]
[SourceDate "1993.04.01"]
[SourceVersion "1"]
[SourceVersionDate "1993.04.01"]
[SourceQuality "1"]

1. d4 Nf6 2. c4 e6 3. Nc3 Bb4 4. Qc2 0-0 5. a3 Bxc3+ 6. Qxc3 b6 7. Bg5 h6 8. Bh4 c5 9. dxc5 bxc5 10. e3 d6 11. Bd3 Nbd7 12. Ne2 Bb7 13. 0-0 Ne5 14. Bb1 Ng6 15. Bg3 e5 16. b4 Qc7 17. f3 Nd7 18. Bd3 Ne7 19. Bh4 Rfe8 20. Rfc1 e4 21. fxe4 Ng6 22. Bg3 Nf6 23. Rd1 Rad8 24. Nf4 Nxf4 25. Bxf4 Nxe4 26. Qe1 Re6 27. Ra2 Rde8 28. h3 Ba8 29. Bxe4 Bxe4 30. bxc5 Qxc5 31. Qb4 Qc6 32. Rxd6 Rxd6 33. Bxd6 Re6 34. Bg3 Rg6 35. Kh2 h5 36. h4 Qe6 37. Rd2 Kh7 38. Rd6 Qg4 39. Rxg6 Qe2 40. Rxg7+ Kxg7 41. Be5+ Kh7 42. Qb2 Qe1 43. Bg3 Qf1 44. c5 Bc6 45. Qc2+ Kg8 46. e4 Qf6 47. Qd1 Qe6 48. Qxh5 Qxe4 49. Qg5+ Kh7 50. Be5 Qg6 51. Qxg6+ fxg6 52. g4 Kg8 53. h5 gxh5 54. gxh5 Bf3 55. h6 Be4 56. Kg3 Kf7 57. Kf4 Bh7 58. c6 Ke6 59. c7 1-0

[Event "Oviedo rapid45"]
[Site "Oviedo"]
[Date "1992.??.??"]
[Round "2"]
[White "Caselas Cabanas, Jacobo"]
[Black "Polugaevsky, Lev"]
[Result "0-1"]
[WhiteElo "2250"]
[BlackElo "2630"]
[PlyCount "58"]
[EventDate "1992.??.??"]
[EventType "swiss (rapid)"]
[EventRounds "11"]
[EventCountry "ESP"]
[SourceTitle "TD"]
[Source "ChessBase"]
[SourceDate "1994.03.01"]
[SourceVersion "1"]
[SourceVersionDate "1994.03.01"]
[SourceQuality "1"]

1. d4 Nf6 2. c4 e6 3. Nf3 b6 4. g3 Ba6 5. b3 Bb7 6. Bg2 Bb4+ 7. Bd2 a5 8. 0-0 0-0 9. a3 Be7 10. Bc3 d5 11. Ne5 c5 12. e3 Na6 13. Bb2 Qc7 14. Nc3 Rad8 15. cxd5 exd5 16. Qe2 Qb8 17. Rfd1 Nc7 18. a4 Ne6 19. h4 Rfe8 20. Rac1 cxd4 21. exd4 Nxd4 22. Rxd4 Bc5 23. Rdd1 Rxe5 24. Qf3 Re7 25. Qf5 d4 26. Nb5 Bxg2 27. Kxg2 Red7 28. Rc4 Qb7+ 29. Kg1 d3 0-1

[Event "Hastings 9293"]
[Site "Hastings"]
[Date "1992.??.??"]
[Round "13"]
[White "Crouch, Colin S"]
[Black "Polugaevsky, Lev"]
[Result "1/2-1/2"]
[WhiteElo "2425"]
[BlackElo "2640"]
[PlyCount "36"]
[EventDate "1992.12.??"]
[EventType "tourn"]
[EventRounds "14"]
[EventCountry "ENG"]
[EventCategory "13"]
[SourceTitle "CBM 033"]
[Source "ChessBase"]
[SourceDate "1993.04.01"]
[SourceVersion "1"]
[SourceVersionDate "1993.04.01"]
[SourceQuality "1"]

1. d4 Nf6 2. c4 e6 3. Nc3 Bb4 4. Qc2 0-0 5. Nf3 c5 6. dxc5 Na6 7. g3 Nxc5 8. Bg2 Nce4 9. 0-0 Nxc3 10. bxc3 Be7 11. Bf4 d6 12. c5 dxc5 13. c4 Nd7 14. Rab1 Qe8 15. Bc7 Bd8 16. Bd6 Be7 17. Bc7 Bd8 18. Bd6 Be7 1/2-1/2

[Event "Women-Veterans"]
[Site "Aruba"]
[Date "1992.??.??"]
[Round "1"]
[White "Galliamova, Alisa"]
[Black "Polugaevsky, Lev"]
[Result "1/2-1/2"]
[WhiteElo "2400"]
[BlackElo "2640"]
[PlyCount "82"]
[EventDate "1992.08.??"]
[EventType "schev"]
[EventRounds "6"]
[EventCountry "ARN"]
[SourceTitle "CBM 033"]
[Source "ChessBase"]
[SourceDate "1993.04.01"]
[SourceVersion "1"]
[SourceVersionDate "1993.04.01"]
[SourceQuality "1"]

1. d4 Nf6 2. c4 e6 3. Nc3 Bb4 4. e3 0-0 5. Bd3 d5 6. cxd5 exd5 7. Nge2 Re8 8. 0-0 Bd6 9. Nf4 c6 10. f3 a5 11. Kh1 Bxf4 12. exf4 b6 13. f5 Ba6 14. Bxa6 Nxa6 15. Bg5 Qd6 16. Qd2 Nd7 17. Rae1 b5 18. Re3 Nf8 19. Rfe1 Rxe3 20. Qxe3 f6 21. Bf4 Qd7 22. g4 Kf7 23. Ne2 Re8 24. Qd2 Qe7 25. Bg3 Qb4 26. Qxb4 Nxb4 27. Nc1 Rxe1+ 28. Bxe1 Nc2 29. Bf2 Nd7 30. Kg2 Nb6 31. Kf1 Na4 32. Nb3 Ke8 33. Nxa5 Kd7 34. b3 Nc3 35. a4 bxa4 36. bxa4 Nxa4 37. Ke2 Na3 38. Nb3 Nb5 39. h4 Ke7 40. Na5 Kd7 41. Nb3 Ke7 1/2-1/2